| 000 | 00489nam a2200169 i 4500 | ||
|---|---|---|---|
| 001 | 134741 | ||
| 003 | ES-MaACL | ||
| 005 | 20230906194733.0 | ||
| 007 | t| | ||
| 008 | 070913s1913 gw ||||1| ger d | ||
| 100 | 1 |
_aWilamowitz-Moellendorff, Ulrich von. _9116801 |
|
| 245 | 1 | 0 |
_aReden und Vortrèage / _cvon Ulrich von Wilamowitz-Moellendorff. |
| 250 | _a3. vermehrte Aufl. | ||
| 260 |
_aBerlin : _bWeidmann, _c1913. |
||
| 300 |
_aVIII, 416 p. ; _c22 cm. |
||
| 852 |
_aES-MaACL _jF-9941 |
||
| 999 |
_c134741 _d134741 |
||